Trh s byty na Západě: zákonitosti a paradoxy

Niektoré aspekty trhu s bytmi v západných krajinách. Korelácia medzi infláciou a kúpou bytov. Dynamika cien bytov a nájomné v jednotlivých krajinách. Daňový režim ako jeden z rozhodujúcich konjunktúrnych faktorov.

Guardado en:
Detalles Bibliográficos
Autor principal: Dráždil, M.
Formato: Capítulo de libro
Lenguaje:checo
Materias:
Etiquetas: Agregar Etiqueta
Sin Etiquetas, Sea el primero en etiquetar este registro!

MARC

LEADER 00000naa a2200000 4500
001 r000852
005 20221205090629.8
041 0 |a cze 
044 |a CZ 
245 1 0 |a Trh s byty na Západě: zákonitosti a paradoxy  |c M. Dráždil 
520 |a Niektoré aspekty trhu s bytmi v západných krajinách. Korelácia medzi infláciou a kúpou bytov. Dynamika cien bytov a nájomné v jednotlivých krajinách. Daňový režim ako jeden z rozhodujúcich konjunktúrnych faktorov. 
610 2 0 |a nájomné 
610 2 0 |a byty 
610 2 0 |a západná Európa 
610 2 0 |a ceny 
100 1 |a Dráždil, M.